[Event "Nova Gorica op 25th"]
[Site "Nova Gorica"]
[Date "2020.01.30"]
[Round "9"]
[White "Ciric, Pavle"]
[Black "Brank, Ziga"]
[Result "1/2-1/2"]
[WhiteElo "2027"]
[BlackElo "1696"]
[PlyCount "130"]
[EventDate "2020.01.24"]
[EventType "swiss"]
[EventRounds "9"]
[EventCountry "SLO"]
[SourceTitle "CBM 194"]
[Source "ChessBase"]
[SourceDate "2020.01.27"]
[SourceVersion "1"]
[SourceVersionDate "2020.01.27"]
[SourceQuality "1"]

1. e4 c5 2. Nf3 Nc6 3. Bb5 g6 4. 0-0 Bg7 5. c3 d5 6. e5 Bd7 7. d4 Nxe5 8. Nxe5 Bxb5 9. Re1 cxd4 10. cxd4 Nf6 11. Nc3 Bc6 12. b4 0-0 13. b5 Bd7 14. Ba3 Re8 15. Qf3 Be6 16. Ne2 Nd7 17. Nf4 Nxe5 18. dxe5 Qa5 19. Nxe6 fxe6 20. Qh3 Qb6 21. Qh4 Rac8 22. Re2 Rc4 23. Qh3 Rec8 24. Bxe7 Rc1+ 25. Re1 Rxa1 26. Rxa1 Re8 27. Bf6 Qxb5 28. Rc1 Qd7 29. Bxg7 Kxg7 30. Qc3 Re7 31. g3 d4 32. Qc5 d3 33. Rd1 b6 34. Qa3 Qc7 35. Rxd3 Qb7 36. Qd6 Qc7 37. Kg2 Kf7 38. Rf3+ Kg7 39. Rd3 Kf7 40. Rf3+ Kg7 41. Qb4 Qb7 42. Qf4 Rf7 43. Qxf7+ Qxf7 44. Rxf7+ Kxf7 45. Kf3 Ke7 46. Ke4 Kd7 47. f4 h5 48. h3 Kc6 49. g4 hxg4 50. hxg4 b5 51. f5 exf5+ 52. gxf5 gxf5+ 53. Kxf5 Kd7 54. Kf6 Ke8 55. Ke6 b4 56. Kd5 Kd7 57. Kc5 Ke6 58. Kxb4 Kxe5 59. Kc5 a5 60. a4 Ke6 61. Kc6 Ke7 62. Kc7 Ke8 63. Kb6 Kd8 64. Kxa5 Kc8 65. Kb6 Kb8 1/2-1/2

[Event "Portoroz op 13th"]
[Site "Portoroz"]
[Date "2019.07.13"]
[Round "9"]
[White "Brank, Ziga"]
[Black "Gruskovnjak, Tomislav"]
[Result "0-1"]
[WhiteElo "1718"]
[BlackElo "2275"]
[PlyCount "120"]
[EventDate "2019.07.06"]
[EventType "swiss"]
[EventRounds "9"]
[EventCountry "SLO"]
[SourceTitle "EXT 2020"]
[Source "ChessBase"]
[SourceDate "2019.10.17"]
[SourceVersion "1"]
[SourceVersionDate "2019.10.17"]
[SourceQuality "1"]

1. Nf3 c5 2. c4 Nc6 3. d4 cxd4 4. Nxd4 g6 5. e4 Bg7 6. Be3 Nf6 7. Nc3 0-0 8. Be2 d6 9. 0-0 Bd7 10. f3 Nxd4 11. Bxd4 Bc6 12. b4 Nh5 13. g3 Bxd4+ 14. Qxd4 Ng7 15. Bd1 a5 16. b5 Bd7 17. Na4 Ne6 18. Qe3 Rc8 19. Qb6 Rxc4 20. Qxd8 Rxd8 21. Nb6 Rc5 22. a4 Nc7 23. Bb3 Na8 24. Nd5 e6 25. Nf4 Rc3 26. Rab1 Nb6 27. Ne2 Rc5 28. Rfd1 Be8 29. Rbc1 Rxc1 30. Rxc1 Kf8 31. Kf2 Rc8 32. Rxc8 Nxc8 33. Nc3 Nb6 34. f4 Ke7 35. Ke3 f6 36. h4 h6 37. Bd1 Bf7 38. Bb3 e5 39. Bxf7 Kxf7 40. fxe5 dxe5 41. Kd3 Ke6 42. g4 Kd6 43. Kc2 Kc5 44. Kb3 Kd4 45. Kc2 Nd7 46. h5 gxh5 47. gxh5 Nc5 48. Nd5 Nxe4 49. Ne7 Ng3 50. Ng8 Nxh5 51. Nxh6 Ng3 52. Ng8 f5 53. Ne7 f4 54. Nc6+ Kd5 55. Nxa5 f3 56. Kd3 f2 57. Nc4 e4+ 58. Kc3 Nf5 59. Nd2 e3 60. Nf1 e2 0-1

[Event "Nova Gorica op 24th"]
[Site "Nova Gorica"]
[Date "2019.01.28"]
[Round "6"]
[White "Brank, Ziga"]
[Black "Ivsek, Cveto"]
[Result "0-1"]
[WhiteElo "1748"]
[BlackElo "1799"]
[PlyCount "112"]
[EventDate "2019.01.25"]
[EventType "swiss"]
[EventRounds "9"]
[EventCountry "SLO"]
[SourceTitle "CBM 188 Extra"]
[Source "ChessBase"]
[SourceDate "2019.02.26"]
[SourceVersion "1"]
[SourceVersionDate "2019.02.26"]
[SourceQuality "1"]

1. d4 Nf6 2. c4 b6 3. Nf3 Bb7 4. g3 e6 5. Bg2 Bb4+ 6. Bd2 Bxd2+ 7. Nbxd2 d6 8. 0-0 Nbd7 9. Qc2 d5 10. cxd5 exd5 11. Rac1 Rc8 12. Bh3 c5 13. Qa4 Bc6 14. Qa3 c4 15. Rc3 Ne4 16. Nxe4 dxe4 17. Ne5 Qe7 18. Qxe7+ Kxe7 19. Nxc4 Bb5 20. Rfc1 Rc7 21. Ne3 Rxc3 22. Nd5+ Kd6 23. Nxc3 Bc6 24. Bf5 Nf6 25. e3 g6 26. Bh3 h5 27. Bf1 h4 28. Nb5+ Bxb5 29. Bxb5 hxg3 30. hxg3 Ng4 31. Be2 Nf6 32. b4 Kd7 33. Bb5+ Ke6 34. Rc7 Nd5 35. Rc4 Rd8 36. a3 g5 37. Bc6 f5 38. Bxd5+ Kxd5 39. Rc7 a6 40. Kf1 Kd6 41. Rc4 Rh8 42. Ke2 Rh1 43. Rc3 Ra1 44. Kd2 Ra2+ 45. Ke1 Ra1+ 46. Ke2 Ra2+ 47. Kf1 Ra1+ 48. Kg2 g4 49. Rb3 Rc1 50. Rb2 Kd5 51. a4 Kc4 52. a5 b5 53. d5 Kc3 54. Ra2 Rd1 55. d6 Kb3 56. Re2 Rxd6 0-1

[Event "Nova Gorica op 24th"]
[Site "Nova Gorica"]
[Date "2019.01.26"]
[Round "2"]
[White "Brank, Ziga"]
[Black "Ruzic, Pia Marie"]
[Result "1/2-1/2"]
[WhiteElo "1748"]
[BlackElo "1626"]
[PlyCount "100"]
[EventDate "2019.01.25"]
[EventType "swiss"]
[EventRounds "9"]
[EventCountry "SLO"]
[SourceTitle "CBM 188 Extra"]
[Source "ChessBase"]
[SourceDate "2019.02.26"]
[SourceVersion "1"]
[SourceVersionDate "2019.02.26"]
[SourceQuality "1"]

1. d4 Nf6 2. c4 g6 3. g3 Bg7 4. Bg2 0-0 5. Nf3 d6 6. 0-0 Nbd7 7. Nc3 Re8 8. d5 Nc5 9. Nd4 e5 10. dxe6 Nxe6 11. Nxe6 Bxe6 12. Qd3 Qc8 13. Re1 Nd7 14. b3 Nc5 15. Qd2 Rb8 16. Bb2 Nd7 17. Rac1 Nf6 18. e4 Bh3 19. Bh1 Ng4 20. Nd5 Bxb2 21. Qxb2 c6 22. Nf6+ Nxf6 23. Qxf6 Qe6 24. Qd4 Rbd8 25. Re3 Qe5 26. Rd1 h5 27. Red3 Qa5 28. a4 d5 29. Qf6 b5 30. axb5 cxb5 31. cxb5 Qxb5 32. Bg2 Bxg2 33. Kxg2 d4 34. Rxd4 Rxd4 35. Rxd4 Qxb3 36. Qc6 Qe6 37. Qxe6 Rxe6 38. h4 Kg7 39. Ra4 a5 40. f4 Ra6 41. Kf3 Kf6 42. g4 hxg4+ 43. Kxg4 Kg7 44. f5 gxf5+ 45. exf5 Kh6 46. Kf4 Kh5 47. Ke5 Kh6 48. Kd5 Kh5 49. Ke5 Kh6 50. Kd5 Kh5 1/2-1/2

[Event "Nova Gorica op 23rd"]
[Site "Nova Gorica"]
[Date "2018.01.31"]
[Round "8"]
[White "Brank, Ziga"]
[Black "Petrovcic, Cvetko"]
[Result "1-0"]
[WhiteElo "1797"]
[BlackElo "1656"]
[PlyCount "52"]
[EventDate "2018.01.26"]
[EventType "swiss"]
[EventRounds "9"]
[EventCountry "SLO"]
[SourceTitle "CBM 182 Extra"]
[Source "ChessBase"]
[SourceDate "2018.02.23"]
[SourceVersion "1"]
[SourceVersionDate "2018.02.23"]
[SourceQuality "1"]

1. d4 Nf6 2. Nf3 Nc6 3. d5 Nb4 4. c4 c6 5. dxc6 Ne4 6. Nbd2 Qa5 7. c7 e6 8. e3 Qf5 9. Nb3 Bc5 10. a3 Nc3 11. bxc3 Nc2+ 12. Kd2 Nxa1 13. Nxa1 Qb1 14. Nb3 Qf5 15. g4 Bxe3+ 16. fxe3 Qf6 17. Be2 0-0 18. Kc2 a5 19. Qd3 b6 20. e4 Qe7 21. e5 f5 22. exf6 Rxf6 23. Qe4 Ra7 24. Nbd4 Rf8 25. Bd3 g6 26. Kb2 Rxc7 1-0

[Event "Nova Gorica op 23rd"]
[Site "Nova Gorica"]
[Date "2018.01.28"]
[Round "5"]
[White "Brank, Ziga"]
[Black "Gratton, Damjan"]
[Result "0-1"]
[WhiteElo "1797"]
[BlackElo "1656"]
[PlyCount "84"]
[EventDate "2018.01.26"]
[EventType "swiss"]
[EventRounds "9"]
[EventCountry "SLO"]
[SourceTitle "CBM 182 Extra"]
[Source "ChessBase"]
[SourceDate "2018.02.23"]
[SourceVersion "1"]
[SourceVersionDate "2018.02.23"]
[SourceQuality "1"]

1. e4 c5 2. c3 e6 3. d4 Nf6 4. e5 Nd5 5. Bc4 Nb6 6. Bb3 Nc6 7. Nf3 Be7 8. 0-0 0-0 9. Bc2 cxd4 10. cxd4 Nb4 11. Bb3 a5 12. a3 N4d5 13. Qd3 f5 14. exf6 Nxf6 15. Nc3 Nbd5 16. Nxd5 Nxd5 17. Bc2 Nf6 18. Bg5 g6 19. Bh6 Re8 20. Ng5 Bf8 21. Nxh7 Bxh6 22. Qxg6+ Bg7 23. Ng5 Re7 24. Rae1 b6 25. h4 Qe8 26. Qd3 Ba6 27. Qb3 Nd5 28. Bd3 Bxd3 29. Qxd3 Nf6 30. Re3 Qh5 31. g3 Bh6 32. Re5 Qe8 33. f4 Bxg5 34. fxg5 Nd5 35. g6 d6 36. Rg5 Rc8 37. Qd2 Qc6 38. Rh5 Qc4 39. Qh6 Qxd4+ 40. Kh2 Ne3 41. Rf4 Qxb2+ 42. Kh3 Qg2# 0-1

[Event "Nova Gorica op 23rd"]
[Site "Nova Gorica"]
[Date "2018.01.28"]
[Round "4"]
[White "Paternoster, Janez"]
[Black "Brank, Ziga"]
[Result "1/2-1/2"]
[WhiteElo "1653"]
[BlackElo "1797"]
[PlyCount "99"]
[EventDate "2018.01.26"]
[EventType "swiss"]
[EventRounds "9"]
[EventCountry "SLO"]
[SourceTitle "CBM 182 Extra"]
[Source "ChessBase"]
[SourceDate "2018.02.23"]
[SourceVersion "1"]
[SourceVersionDate "2018.02.23"]
[SourceQuality "1"]

1. d4 Nf6 2. c4 e6 3. Nc3 d5 4. Nf3 Nbd7 5. Bg5 Be7 6. e3 h6 7. Bh4 0-0 8. Rc1 c6 9. Bd3 dxc4 10. Bxc4 Nd5 11. Bxe7 Qxe7 12. Nxd5 exd5 13. Bd3 Nf6 14. h3 Ne4 15. 0-0 Re8 16. Qc2 Qf6 17. Ne5 Qh4 18. Bxe4 dxe4 19. f3 f6 20. Nc4 exf3 21. Rxf3 Qe4 22. Nd6 Qxc2 23. Rxc2 Rd8 24. Nxc8 Raxc8 25. Kf2 Rd5 26. Rd2 Rcd8 27. g4 Ra5 28. b3 Rad5 29. Rf5 Kf7 30. Rxd5 Rxd5 31. e4 Rd7 32. Ke3 Ke7 33. h4 Ke6 34. h5 Ke7 35. b4 Ke6 36. a4 a6 37. Rd3 Rd6 38. Rb3 Rd7 39. b5 axb5 40. axb5 Kd6 41. bxc6 bxc6 42. Rb6 Kc7 43. Ra6 Kb7 44. Ra3 Kb6 45. Rb3+ Kc7 46. Rd3 Kd6 47. d5 cxd5 48. Rxd5+ Ke6 49. Kf4 Rb7 50. Ra5 1/2-1/2

[Event "Nova Gorica op 23rd"]
[Site "Nova Gorica"]
[Date "2018.01.27"]
[Round "3"]
[White "Brank, Ziga"]
[Black "Gajic, Mladen"]
[Result "0-1"]
[WhiteElo "1797"]
[BlackElo "2312"]
[PlyCount "58"]
[EventDate "2018.01.26"]
[EventType "swiss"]
[EventRounds "9"]
[EventCountry "SLO"]
[SourceTitle "CBM 182 Extra"]
[Source "ChessBase"]
[SourceDate "2018.02.23"]
[SourceVersion "1"]
[SourceVersionDate "2018.02.23"]
[SourceQuality "1"]

1. d4 Nf6 2. Bf4 c5 3. c3 Qb6 4. Qb3 cxd4 5. Qxb6 axb6 6. Bxb8 dxc3 7. Nxc3 Rxb8 8. e3 e6 9. a3 Be7 10. Bc4 d5 11. Bb5+ Bd7 12. Nf3 Bd6 13. Bxd7+ Kxd7 14. Rc1 Rhc8 15. 0-0 h6 16. Na4 Rxc1 17. Rxc1 Bc7 18. Nd4 Ne4 19. Nb5 Bd8 20. Rc2 Ra8 21. Nbc3 Rc8 22. f3 Nc5 23. Nxc5+ bxc5 24. b3 c4 25. b4 Ra8 26. Nb1 b5 27. Kf2 Kc6 28. Ke2 e5 29. g4 d4 0-1

[Event "Portoroz op 11th"]
[Site "Portoroz"]
[Date "2017.07.28"]
[Round "8"]
[White "Brank, Ziga"]
[Black "Debevec, Blaz"]
[Result "0-1"]
[WhiteElo "1764"]
[BlackElo "2178"]
[PlyCount "122"]
[EventDate "2017.07.22"]
[EventType "swiss"]
[EventRounds "9"]
[EventCountry "SLO"]
[SourceTitle "EXT 2020"]
[Source "ChessBase"]
[SourceDate "2019.10.17"]
[SourceVersion "1"]
[SourceVersionDate "2019.10.17"]
[SourceQuality "1"]

1. d4 d6 2. e4 g6 3. Nc3 Bg7 4. Nf3 a6 5. a4 b6 6. Bc4 e6 7. 0-0 Ne7 8. Re1 0-0 9. Be3 c5 10. Qd2 Nbc6 11. Rad1 cxd4 12. Nxd4 Qc7 13. Bf1 Rd8 14. g3 Ne5 15. Qe2 Bb7 16. f4 N5c6 17. Qf2 Nxd4 18. Bxd4 Bxd4 19. Qxd4 Rac8 20. Bd3 Nc6 21. Qf2 Nb4 22. Bf1 Rd7 23. Rd4 Nc6 24. Rd2 Ne7 25. Red1 Rcd8 26. Bg2 Bc6 27. Rd3 b5 28. axb5 axb5 29. Ne2 d5 30. exd5 Bxd5 31. Bxd5 Rxd5 32. Rxd5 Nxd5 33. c3 b4 34. cxb4 Qc2 35. Nc3 Qb3 36. b5 Rc8 37. Rd2 Nxc3 38. bxc3 Qxb5 39. Qd4 Qb1+ 40. Rd1 Qc2 41. Rd3 Rb8 42. Rf3 h5 43. Rf2 Qf5 44. Qd2 h4 45. Rf1 h3 46. Rc1 Qe4 47. Re1 Qf3 48. Rf1 Qc6 49. Rc1 Kh7 50. c4 Rd8 51. Qe2 Qc5+ 52. Qf2 Qa3 53. Qe1 Rb8 54. Rc2 Qd3 55. Qe2 Rb1+ 56. Kf2 Qd4+ 57. Kf3 f5 58. Qe3 Qd1+ 59. Qe2 Qh1+ 60. Kf2 Qg1+ 61. Kf3 Rb3+ 0-1

[Event "Nova Gorica op 22nd"]
[Site "Nova Gorica"]
[Date "2017.01.27"]
[Round "1"]
[White "Brank, Ziga"]
[Black "Unuk, Laura"]
[Result "0-1"]
[WhiteElo "1752"]
[BlackElo "2241"]
[PlyCount "76"]
[EventDate "2017.01.27"]
[EventType "swiss"]
[EventRounds "9"]
[EventCountry "SLO"]
[SourceTitle "CBM 176 Extra"]
[Source "ChessBase"]
[SourceDate "2017.03.02"]
[SourceVersion "1"]
[SourceVersionDate "2017.03.02"]
[SourceQuality "1"]

1. e4 e5 2. Nf3 Nc6 3. Bb5 a6 4. Ba4 Nf6 5. 0-0 b5 6. Bb3 Bc5 7. d3 d6 8. c3 h6 9. h3 0-0 10. Re1 Bb7 11. Be3 Bxe3 12. Rxe3 Na5 13. Bc2 c5 14. Re1 Re8 15. b4 Nc6 16. a3 a5 17. bxc5 dxc5 18. Nbd2 Ba6 19. Nb3 Qb6 20. d4 cxd4 21. cxd4 a4 22. Nc5 Nxd4 23. Nxd4 Qxc5 24. Nf5 Red8 25. Qc1 Rac8 26. Ra2 Bb7 27. Qe3 Qxe3 28. Rxe3 Kh7 29. Re2 Nh5 30. f3 g6 31. Ne3 Nf4 32. Rf2 Rc5 33. Rb2 Bc8 34. Bb1 Rc3 35. Nc2 Rd1+ 36. Rf1 Rd2 37. Rf2 Rxf2 38. Kxf2 Nd3+ 0-1

[Event "Ljubljana Autumn op"]
[Site "Ljubljana"]
[Date "2012.10.24"]
[Round "8"]
[White "Brank, Ziga"]
[Black "Brcar, Matej"]
[Result "0-1"]
[WhiteElo "1752"]
[BlackElo "1669"]
[PlyCount "84"]
[EventDate "2012.09.05"]
[EventType "swiss"]
[EventRounds "9"]
[EventCountry "SLO"]
[SourceTitle "EXT 2023"]
[Source "ChessBase"]
[SourceDate "2022.10.05"]
[SourceVersion "1"]
[SourceVersionDate "2022.10.05"]
[SourceQuality "1"]

1. e4 e5 2. Nf3 Nc6 3. Bb5 a6 4. Ba4 d6 5. h3 Bd7 6. 0-0 Nge7 7. d4 b5 8. Bb3 Nxd4 9. Nxd4 exd4 10. c3 dxc3 11. Nxc3 Be6 12. Bc2 Ng6 13. f4 Bc4 14. Re1 b4 15. Ba4+ Bb5 16. Nxb5 axb5 17. Bxb5+ Ke7 18. Qe2 c6 19. Bc4 Ke8 20. e5 dxe5 21. f5 Bc5+ 22. Be3 Nf4 23. Qf2 Qg5 24. Kh2 Bxe3 25. Rxe3 Qxf5 26. Rf1 Kd7 27. Bd3 Qe6 28. b3 f6 29. Bc4 Qe7 30. Rd1+ Ke8 31. Qf3 Rc8 32. g3 Ne6 33. Qf5 Rd8 34. Rxd8+ Nxd8 35. Rd3 Qc7 36. Be6 c5 37. Rd7 Qc6 38. Rxg7 Qxe6 39. Qh5+ Kf8 40. Ra7 Nf7 41. Qe2 Kg7 42. Ra6 Qf5 0-1

[Event "Ljubljana Autumn op"]
[Site "Ljubljana"]
[Date "2012.10.17"]
[Round "7"]
[White "Kmetic, Anej"]
[Black "Brank, Ziga"]
[Result "0-1"]
[WhiteElo "1462"]
[BlackElo "1752"]
[PlyCount "62"]
[EventDate "2012.09.05"]
[EventType "swiss"]
[EventRounds "9"]
[EventCountry "SLO"]
[SourceTitle "EXT 2023"]
[Source "ChessBase"]
[SourceDate "2022.10.05"]
[SourceVersion "1"]
[SourceVersionDate "2022.10.05"]
[SourceQuality "1"]

1. d4 Nf6 2. Nf3 d5 3. c4 dxc4 4. a4 e6 5. e3 c5 6. Bxc4 cxd4 7. Qxd4 Bb4+ 8. Bd2 Qxd4 9. Nxd4 Bxd2+ 10. Nxd2 0-0 11. 0-0 Bd7 12. b3 Nc6 13. Nxc6 Bxc6 14. f3 Rfd8 15. Rfd1 Nd5 16. Bxd5 Rxd5 17. e4 Rd3 18. Nc4 Rxb3 19. Na5 Rc3 20. Nxc6 bxc6 21. Rac1 Rxc1 22. Rxc1 Rc8 23. Rc5 Kf8 24. Kf2 Ke7 25. Rc4 c5 26. Ke3 Kd6 27. g3 Rb8 28. Kd3 Rb4 29. Rxb4 cxb4 30. Kc4 a5 31. f4 f6 0-1

[Event "Ljubljana Spring op"]
[Site "Ljubljana"]
[Date "2012.05.29"]
[Round "8"]
[White "Kamensek, Ivan"]
[Black "Brank, Ziga"]
[Result "1-0"]
[WhiteElo "1765"]
[BlackElo "1740"]
[PlyCount "65"]
[EventDate "2012.04.04"]
[EventType "swiss"]
[EventRounds "9"]
[EventCountry "SLO"]
[SourceTitle "EXT 2023"]
[Source "ChessBase"]
[SourceDate "2022.10.05"]
[SourceVersion "1"]
[SourceVersionDate "2022.10.05"]
[SourceQuality "1"]

1. d4 Nf6 2. c4 g6 3. Nc3 d5 4. Bg5 Ne4 5. Bh4 Nxc3 6. bxc3 Bg7 7. e3 0-0 8. cxd5 Qxd5 9. Bxe7 Re8 10. Bh4 Qa5 11. Qd2 c5 12. Nf3 Nc6 13. Be2 Bg4 14. Rd1 Re4 15. Bg3 Rd8 16. 0-0 Ree8 17. Rfe1 Be6 18. Qb2 Bd5 19. a3 a6 20. Nd2 b5 21. Nb3 Bxb3 22. Qxb3 c4 23. Qb2 Qb6 24. a4 Na5 25. axb5 axb5 26. Rb1 Rb8 27. Bxb8 Rxb8 28. Ra1 f5 29. Bf3 Bf6 30. Qb4 Bd8 31. Qc5 Qf6 32. Qa7 Qb6 33. Rxa5 1-0

[Event "Ljubljana Spring op"]
[Site "Ljubljana"]
[Date "2012.04.25"]
[Round "4"]
[White "Unuk, Laura"]
[Black "Brank, Ziga"]
[Result "0-1"]
[WhiteElo "1854"]
[BlackElo "1740"]
[PlyCount "118"]
[EventDate "2012.04.04"]
[EventType "swiss"]
[EventRounds "9"]
[EventCountry "SLO"]
[SourceTitle "EXT 2023"]
[Source "ChessBase"]
[SourceDate "2022.10.05"]
[SourceVersion "1"]
[SourceVersionDate "2022.10.05"]
[SourceQuality "1"]

1. d4 d5 2. c4 e6 3. Nf3 Be7 4. Nc3 Nf6 5. Bg5 0-0 6. e3 h6 7. Bh4 Ne4 8. Bxe7 Qxe7 9. Qc2 Nxc3 10. Qxc3 c6 11. Bd3 b6 12. 0-0 Bb7 13. cxd5 exd5 14. b4 Nd7 15. Rac1 Rfc8 16. Qb3 Nf6 17. Rc2 Ne4 18. Rfc1 Rc7 19. Bxe4 Qxe4 20. Nd2 Qg6 21. a4 Bc8 22. Kh1 Bf5 23. Rc3 Rac8 24. b5 Qd6 25. bxc6 Rxc6 26. h3 Qd7 27. Rxc6 Rxc6 28. Rxc6 Qxc6 29. Qa2 Bd3 30. Nf3 Be4 31. Ne5 Qc2 32. Qxc2 Bxc2 33. Nc6 Kf8 34. Nxa7 Bxa4 35. Nc8 b5 36. Nb6 Bb3 37. Nd7+ Ke7 38. Nc5 Bc4 39. Na6 Kd6 40. Nb4 Kc7 41. f3 Kb6 42. Kg1 Ka5 43. Nc6+ Ka4 44. Kf2 b4 45. Nxb4 Kxb4 46. e4 dxe4 47. fxe4 Kc3 48. Ke3 Bf1 49. Kf2 Bxg2 50. Kxg2 Kxd4 51. Kf3 Ke5 52. Ke3 g5 53. Kf3 h5 54. Ke3 g4 55. hxg4 hxg4 56. Kf2 Kf4 57. Kg2 Kxe4 58. Kg3 f5 59. Kf2 f4 0-1

[Event "Ljubljana Spring op"]
[Site "Ljubljana"]
[Date "2012.04.10"]
[Round "1"]
[White "Brank, Ziga"]
[Black "Crnic, Ivan"]
[Result "1-0"]
[WhiteElo "1740"]
[BlackElo "1679"]
[PlyCount "95"]
[EventDate "2012.04.04"]
[EventType "swiss"]
[EventRounds "9"]
[EventCountry "SLO"]
[SourceTitle "EXT 2023"]
[Source "ChessBase"]
[SourceDate "2022.10.05"]
[SourceVersion "1"]
[SourceVersionDate "2022.10.05"]
[SourceQuality "1"]

1. e4 c5 2. Nf3 e6 3. d4 cxd4 4. Nxd4 Nc6 5. Nc3 a6 6. a3 Nf6 7. Be3 Qc7 8. Be2 Bd6 9. Ndb5 axb5 10. Nxb5 Qa5+ 11. Bd2 Bb4 12. axb4 Qxa1 13. Nc7+ Kd8 14. Nxa8 Qxa8 15. b5 Nd4 16. Bd3 e5 17. f4 b6 18. 0-0 Ne6 19. Qe2 Qb8 20. fxe5 Qxe5 21. Bc3 Qc5+ 22. Kh1 Qe7 23. e5 Nd5 24. Bd2 Ke8 25. Be4 Ndc7 26. b4 Nd4 27. Qf2 Nce6 28. c4 g6 29. g4 h5 30. Be3 Nxb5 31. cxb5 hxg4 32. Bxb6 Ng5 33. Qc2 Qxe5 34. Qxc8+ Ke7 35. Qc5+ Qxc5 36. Bxc5+ d6 37. Bd4 Rh7 38. Bf6+ Ke6 39. Bxg5 g3 40. h3 Rxh3+ 41. Kg2 Rh5 42. Bd2 Rxb5 43. Bd3 Rb8 44. Bc4+ d5 45. Re1+ Kd6 46. Bf4+ Kc6 47. Bxd5+ Kxd5 48. Bxb8 1-0

[Event "Ljubljana Autumn op"]
[Site "Ljubljana"]
[Date "2011.11.08"]
[Round "7"]
[White "Varga, Ivan"]
[Black "Brank, Ziga"]
[Result "0-1"]
[WhiteElo "1482"]
[BlackElo "1742"]
[PlyCount "46"]
[EventDate "2011.09.28"]
[EventType "swiss"]
[EventRounds "9"]
[EventCountry "SLO"]
[SourceTitle "EXT 2023"]
[Source "ChessBase"]
[SourceDate "2022.10.05"]
[SourceVersion "1"]
[SourceVersionDate "2022.10.05"]
[SourceQuality "1"]

1. d4 Nf6 2. Nc3 d5 3. Qd3 g6 4. e4 dxe4 5. Nxe4 Bg7 6. c3 0-0 7. Be2 Bf5 8. f3 Qc8 9. g4 Nxe4 10. gxf5 Nf6 11. Nh3 c5 12. Be3 Rd8 13. Rc1 Nc6 14. fxg6 Qxh3 15. gxf7+ Kxf7 16. Qc4+ Qe6 17. Qb5 Qxe3 18. Rd1 Rd6 19. Rd3 Qg5 20. Kd1 a6 21. Qb6 Nb4 22. Qxb7 Nxd3 23. Qxa8 Qc1# 0-1

[Event "Ljubljana Autumn op"]
[Site "Ljubljana"]
[Date "2011.11.02"]
[Round "8"]
[White "Brank, Ziga"]
[Black "Novakovic, Gosto"]
[Result "1/2-1/2"]
[WhiteElo "1742"]
[BlackElo "1747"]
[PlyCount "111"]
[EventDate "2011.09.28"]
[EventType "swiss"]
[EventRounds "9"]
[EventCountry "SLO"]
[SourceTitle "EXT 2023"]
[Source "ChessBase"]
[SourceDate "2022.10.05"]
[SourceVersion "1"]
[SourceVersionDate "2022.10.05"]
[SourceQuality "1"]

1. e4 e5 2. Nf3 d6 3. d4 exd4 4. Nxd4 Nf6 5. Nc3 c5 6. Bb5+ Nbd7 7. Nb3 a6 8. Be2 Be7 9. g4 h6 10. a4 Ne5 11. f3 Nh7 12. Bf4 Bh4+ 13. Bg3 Bxg3+ 14. hxg3 Be6 15. f4 Nc6 16. Nd5 Ne7 17. Bc4 Nf6 18. Nxf6+ gxf6 19. Bxe6 fxe6 20. g5 fxg5 21. fxg5 Ng6 22. Qh5 Qxg5 23. Qxg5 hxg5 24. Rxh8+ Nxh8 25. 0-0-0 Ke7 26. Na5 Rb8 27. Rh1 Nf7 28. Kd2 Kf6 29. Ke3 b5 30. Rf1+ Kg6 31. Nc6 Rb7 32. a5 b4 33. e5 dxe5 34. Ke4 c4 35. Nxe5+ Nxe5 36. Kxe5 Rb5+ 37. Kxe6 Rxa5 38. g4 Rb5 39. Ke7 Re5+ 40. Kd6 Re4 41. Rg1 a5 42. Kc5 Kf6 43. Kb5 c3 44. bxc3 bxc3 45. Kxa5 Ke5 46. Rg3 Kf4 47. Rxc3 Kxg4 48. Rc7 Kf3 49. c4 g4 50. c5 g3 51. Rg7 Rc4 52. Kb5 Rc2 53. c6 g2 54. Rxg2 Kxg2 55. Kb6 Kf3 56. c7 1/2-1/2

[Event "Ljubljana Autumn op"]
[Site "Ljubljana"]
[Date "2011.10.05"]
[Round "2"]
[White "Brank, Ziga"]
[Black "Cop, Jaka"]
[Result "1-0"]
[WhiteElo "1742"]
[BlackElo "1651"]
[PlyCount "67"]
[EventDate "2011.09.28"]
[EventType "swiss"]
[EventRounds "9"]
[EventCountry "SLO"]
[SourceTitle "EXT 2023"]
[Source "ChessBase"]
[SourceDate "2022.10.05"]
[SourceVersion "1"]
[SourceVersionDate "2022.10.05"]
[SourceQuality "1"]

1. e4 c5 2. Nf3 Nc6 3. d4 cxd4 4. Nxd4 e5 5. Nb3 Nf6 6. Nc3 Bb4 7. Qd3 Bxc3+ 8. bxc3 h6 9. Ba3 d5 10. exd5 Qxd5 11. 0-0-0 Be6 12. Qg3 Qe4 13. Nc5 Qf4+ 14. Qxf4 exf4 15. Nxb7 Ne4 16. Bb5 Rc8 17. Nd6+ Nxd6 18. Rxd6 0-0 19. Rxc6 Rxc6 20. Bxc6 Rc8 21. Ba4 Bxa2 22. Kb2 Bd5 23. f3 a5 24. Rd1 Be6 25. Bb3 Rb8 26. Ka2 Bf5 27. Rd5 Bg6 28. c4 Rc8 29. Be7 a4 30. Bxa4 Rxc4 31. Bb3 Rc6 32. c4 f6 33. c5 Bf7 34. Rd8+ 1-0

[Event "Ljubljana op 2nd"]
[Site "Ljubljana"]
[Date "2011.05.18"]
[Round "6"]
[White "Mejak, Severin"]
[Black "Brank, Ziga"]
[Result "1-0"]
[WhiteElo "2004"]
[BlackElo "1693"]
[PlyCount "59"]
[EventDate "2011.04.06"]
[EventType "swiss"]
[EventRounds "9"]
[EventCountry "SLO"]
[SourceTitle "EXT 2023"]
[Source "ChessBase"]
[SourceDate "2022.10.05"]
[SourceVersion "1"]
[SourceVersionDate "2022.10.05"]
[SourceQuality "1"]

1. d4 Nf6 2. c4 e6 3. Nf3 Bb4+ 4. Bd2 Qe7 5. g3 0-0 6. Bg2 d5 7. 0-0 Bxd2 8. Nbxd2 c6 9. Qc2 Nbd7 10. e4 e5 11. exd5 cxd5 12. cxd5 exd4 13. Nxd4 Nb6 14. Qb3 Rd8 15. Rfe1 Qf8 16. Nc4 Nbxd5 17. Rad1 Qc5 18. Qb5 Qf8 19. Ne5 Qb4 20. Qxb4 Nxb4 21. Nb5 Bf5 22. Bxb7 Rab8 23. Nc6 Nxc6 24. Bxc6 a6 25. Nd4 Bd7 26. b3 h6 27. Bxd7 Rxd7 28. Nc6 Rxd1 29. Rxd1 Kf8 30. Nxb8 1-0

[Event "Ljubljana op 2nd"]
[Site "Ljubljana"]
[Date "2011.04.13"]
[Round "2"]
[White "Brank, Ziga"]
[Black "Kralj, Manca"]
[Result "1-0"]
[WhiteElo "1693"]
[BlackElo "1755"]
[PlyCount "39"]
[EventDate "2011.04.06"]
[EventType "swiss"]
[EventRounds "9"]
[EventCountry "SLO"]
[SourceTitle "EXT 2023"]
[Source "ChessBase"]
[SourceDate "2022.10.05"]
[SourceVersion "1"]
[SourceVersionDate "2022.10.05"]
[SourceQuality "1"]

1. e4 e5 2. Nf3 Nc6 3. d4 exd4 4. Bc4 Bc5 5. c3 dxc3 6. Bxf7+ Kxf7 7. Qd5+ Ke8 8. Qh5+ g6 9. Qxc5 d6 10. Qxc3 Qf6 11. Bg5 Qxc3+ 12. Nxc3 Be6 13. e5 dxe5 14. 0-0 Kf7 15. Rfe1 Nf6 16. Nxe5+ Nxe5 17. Rxe5 h6 18. Rae1 Rhe8 19. Bxf6 Kxf6 20. Nd5+ 1-0